000 00413nam a22001697a 4500
003 CEME
005 20210628202345.0
008 210311b xxu||||| |||| 00| 0 eng d
020 _a0-7503-0173-2
040 _c.
082 _a621.38152 THI'L
100 _aCiurreanu, P
_959531
245 _aThin film resistive sensors
260 _aNEWYORK
_bINSTITUTE OF PHYSICS
_c1992
300 _a495P
942 _cBK
_2ddc
999 _c569487
_d569487